| 000 | 00836nam a22002531 4500 | ||
|---|---|---|---|
| 001 | 22224 | ||
| 003 | BD-RjUL | ||
| 005 | 20211209000800.0 | ||
| 008 | 140306s1918 ii bef b 000 0 eng | ||
| 035 | _a(BD-RjUL)22289 | ||
| 040 |
_aDLC _cDLC _dDLC _dBD-RjUL _beng |
||
| 041 | _aeng | ||
| 082 |
_a915.471 _bMAG 1918 |
||
| 100 | 1 |
_aMarshall, John Hubert, _d1876-1958. _968603 |
|
| 245 | 1 | 2 |
_aA guide to Taxila / _cSir John Marshall. |
| 260 |
_aCalcutta : _bSuperintendent government printing, India, _c1918. |
||
| 300 |
_aviii, 124 p. : _bill. , (incl. front., map, plans; (part fold.) ; _c21 cm. |
||
| 504 | _a"Short bibliography": p. 119-120. | ||
| 651 | 0 |
_aTaxila (Extinct city) _968604 |
|
| 651 | 0 |
_aTaxila (Extinct city) _xTopes. [from old catalog] _968605 |
|
| 942 |
_2ddc _cBK |
||
| 999 |
_c22224 _d22224 |
||